000 00490nam a22001577a 4500
999 _c12889
_d12889
008 190204b ||||| |||| 00| 0 eng d
020 _a971-27-0397-5
082 _22003
_aDFil 899.211
_bSi3
245 _aAmira/
_cSoledad S. Reyes[Editor]
260 _aPasig City:
_bAnvil Publishing Inc.,
_c©2003
300 _aPage 466;
_c23 cm.
500 _aAng Silid na Mahiwaga
650 _aPhilippine literature (Filipino)
_936475
700 _aReyes, Soledad S.
_bEditor
_936476
942 _2ddc
_cDFIL